000 00403nam a2200169Ia 4500
003 GCL
008 140319s9999 xx 000 0 ara d
040 _aGCL /
_cGCL
082 0 4 _a942
_bا ل
100 1 _aاحمد عطيةالله
245 1 0 _aلندن /
_cاحمد عطيةالله
300 _a367 ص
490 _aكتاب
_v0
650 0 4 _aتاريخ
650 0 4 _aلندن
942 _2ddc
_cBK
999 _c42708
_d42708